000 00399nam a2200157Ia 4500
008 210210b1972 xxu||||| |||| 00| 0 eng d
082 _a810.9 MULS
100 _aMULLIK (B R).
245 _aStudies in American literature:Mark Twain.V4.
260 _aN D
_bS. Chand & Co. Ltd.
_c1972
300 _aiv,44
440 _a4
650 _aMark Twain
690 _aAmerican Literature
906 _a031525
999 _c82673
_d82673